Fedora dramma ridotto in tre atti /
| Main Author: | Giordano, Umberto, 1867-1948 |
|---|---|
| Other Authors: | Sardou, Victorien, 1831-1908, Colautti, Arturo, 1851-1914, Coronaro, Gellio Benvenuto, 1863-1916 |
| Language: | Italian |
| Published: |
Milano : Sonzogno, 1898 |
| Physical Description: |
161 s. |
| LEADER | 01000ncm a22002412a 4500 | ||
|---|---|---|---|
| 001 | 000272760 | ||
| 003 | CZ BrMZK | ||
| 005 | 20110830185804.0 | ||
| 007 | qu | ||
| 008 | 980105s1898 it f ita d | ||
| 040 | |a BOA001 |b cze | ||
| 072 | 7 | |a 782 |x Divadelní hudba. Opera, opereta, muzikál |2 Konspekt |9 9 | |
| 100 | 1 | |a Giordano, Umberto, |d 1867-1948 |7 jo20000075490 |4 cmp | |
| 245 | 1 | 0 | |a Fedora |h [hudebnina] : |b dramma ridotto in tre atti / |c musica di Umberto Giordano ; di V. Sardou ; per la scena lirica de Arturo Colauoti ; riduzione per pianoforte solo di G-B. Coronaro |
| 260 | |a Milano : |b Sonzogno, |c 1898 | ||
| 300 | |a 161 s. | ||
| 700 | 1 | |a Sardou, Victorien, |d 1831-1908 |7 jn19990007351 |4 aut | |
| 700 | 1 | |a Colautti, Arturo, |d 1851-1914 |7 ola2005253744 |4 lbt | |
| 700 | 1 | |a Coronaro, Gellio Benvenuto, |d 1863-1916 |7 mzk2011656967 |4 arr | |
| 910 | |a BOA001 |b Mus4-0249.655 | ||
| 990 | |a MU | ||
| 991 | |b 201008 | ||
| 996 | 6 | |b 2619877353 |c Mus4-0249.655 |l MZK |r Sklad / do 1 hodiny |n 5 |w 000272760 |u 000010 |a 1 |e BOA001 |j MZK50 |s P | |
English
Čeština 